书目信息 |
| 题名: |
物理化学:适用于生物类学科
|
|
| 作者: | 高月英 编著 | |
| 分册: | ||
| 出版信息: | 北京 北京大学出版社 2003.01 |
|
| 页数: | 330页 | |
| 开本: | 20cm | |
| 丛书名: | ||
| 单 册: | ||
| 中图分类: | O64 | |
| 科图分类: | ||
| 主题词: | 物理化学 , 量子化学 | |
| 电子资源: | ||
| ISBN: | 7-301-04501-8 | |
| 000 | 00604nam0 2200205 450 | |
| 001 | 0555871228 | |
| 005 | 20050617153111.22 | |
| 010 | @a7-301-04501-8@d30.00CNY | |
| 100 | @a20050617d2003 km y0chiy0120 ea | |
| 101 | 0 | @achi |
| 102 | @aCN@b110000 | |
| 200 | 1 | @a物理化学:适用于生物类学科@Awu li hua xue:shi yong yu sheng wu lei xue ke@f高月英等编著@Fgao yue ying deng bian zhu |
| 210 | @a北京@c北京大学出版社@d2003.01 | |
| 215 | @a330页@d20cm | |
| 606 | 0 | @a物理化学 |
| 606 | 0 | @a量子化学 |
| 690 | @aO64 | |
| 701 | 0 | @a高月英@Agao yue ying@4编著 |
| 801 | 0 | @aCN@bPFT@c20050617 |
| 905 | @a10447@dO64@eG200 | |
| 物理化学:适用于生物类学科/高月英等编著.-北京:北京大学出版社,2003.01 |
| 330页;20cm |
| ISBN 7-301-04501-8:30.00CNY |
| ● |
| 相关链接 |
|
|
|
正题名:物理化学:适用于生物类学科
索取号:O64/G200
 
预约/预借
| 序号 | 登录号 | 条形码 | 馆藏地/架位号 | 状态 | 备注 |
| 1 | 539061 | 205390619 | 自科库401/401自科库 94排1列5层/ [索取号:O64/G200] | 在馆 | |
| 2 | 539062 | 205390628 | 自科库401/401自科库 94排1列5层/ [索取号:O64/G200] | 在馆 | |
| 3 | 539063 | 205390637 | 自科库401/401自科库 94排1列5层/ [索取号:O64/G200] | 在馆 |